<?xml version="1.0" encoding="UTF-8"?><marc:collection xmlns:marc="http://www.loc.gov/MARC21/slim">
  <marc:record>
    <marc:leader>11212nas a2201417 c 4500</marc:leader>
    <marc:controlfield tag="001">010003312</marc:controlfield>
    <marc:controlfield tag="003">DE-101</marc:controlfield>
    <marc:controlfield tag="005">20250709212820.0</marc:controlfield>
    <marc:controlfield tag="007">tu</marc:controlfield>
    <marc:controlfield tag="008">991118c19509999gw w||n|  ||| 0||||1ger c</marc:controlfield>
    <marc:datafield tag="016" ind1="7" ind2=" ">
      <marc:subfield code="2">DE-600</marc:subfield>
      <marc:subfield code="a">399-2</marc:subfield>
    </marc:datafield>
    <marc:datafield tag="016" ind1="7" ind2=" ">
      <marc:subfield code="2">DE-101</marc:subfield>
      <marc:subfield code="a">010003312</marc:subfield>
    </marc:datafield>
    <marc:datafield tag="022" ind1=" " ind2=" ">
      <marc:subfield code="a">0011-9857</marc:subfield>
    </marc:datafield>
    <marc:datafield tag="022" ind1=" " ind2=" ">
      <marc:subfield code="a">0011-9857</marc:subfield>
      <marc:subfield code="2">6</marc:subfield>
    </marc:datafield>
    <marc:datafield tag="030" ind1=" " ind2=" ">
      <marc:subfield code="a">DAZEA</marc:subfield>
    </marc:datafield>
    <marc:datafield tag="035" ind1=" " ind2=" ">
      <marc:subfield code="a">(DE-599)ZDB399-2</marc:subfield>
    </marc:datafield>
    <marc:datafield tag="035" ind1=" " ind2=" ">
      <marc:subfield code="a">(OCoLC)231013320</marc:subfield>
    </marc:datafield>
    <marc:datafield tag="040" ind1=" " ind2=" ">
      <marc:subfield code="a">9001</marc:subfield>
      <marc:subfield code="b">ger</marc:subfield>
      <marc:subfield code="c">DE-101</marc:subfield>
      <marc:subfield code="d">9999</marc:subfield>
    </marc:datafield>
    <marc:datafield tag="041" ind1=" " ind2=" ">
      <marc:subfield code="a">ger</marc:subfield>
    </marc:datafield>
    <marc:datafield tag="042" ind1=" " ind2=" ">
      <marc:subfield code="a">zdb</marc:subfield>
    </marc:datafield>
    <marc:datafield tag="044" ind1=" " ind2=" ">
      <marc:subfield code="c">XA-DE</marc:subfield>
    </marc:datafield>
    <marc:datafield tag="082" ind1="0" ind2="4">
      <marc:subfield code="8">5\u</marc:subfield>
      <marc:subfield code="a">615.105</marc:subfield>
      <marc:subfield code="q">DE-101</marc:subfield>
      <marc:subfield code="2">22/ger</marc:subfield>
    </marc:datafield>
    <marc:datafield tag="083" ind1="7" ind2=" ">
      <marc:subfield code="a">610</marc:subfield>
      <marc:subfield code="a">360</marc:subfield>
      <marc:subfield code="q">DE-101</marc:subfield>
      <marc:subfield code="2">22sdnb</marc:subfield>
    </marc:datafield>
    <marc:datafield tag="083" ind1="7" ind2=" ">
      <marc:subfield code="a">610</marc:subfield>
      <marc:subfield code="q">DE-600</marc:subfield>
      <marc:subfield code="2">22sdnb</marc:subfield>
    </marc:datafield>
    <marc:datafield tag="084" ind1=" " ind2=" ">
      <marc:subfield code="a">PHARM</marc:subfield>
      <marc:subfield code="q">DE-84</marc:subfield>
      <marc:subfield code="2">fid</marc:subfield>
    </marc:datafield>
    <marc:datafield tag="084" ind1=" " ind2=" ">
      <marc:subfield code="a">15,3</marc:subfield>
      <marc:subfield code="2">ssgn</marc:subfield>
    </marc:datafield>
    <marc:datafield tag="084" ind1=" " ind2=" ">
      <marc:subfield code="a">850</marc:subfield>
      <marc:subfield code="2">rpb</marc:subfield>
    </marc:datafield>
    <marc:datafield tag="084" ind1=" " ind2=" ">
      <marc:subfield code="a">WA 15000</marc:subfield>
      <marc:subfield code="2">rvk</marc:subfield>
    </marc:datafield>
    <marc:datafield tag="085" ind1=" " ind2=" ">
      <marc:subfield code="8">5\u</marc:subfield>
      <marc:subfield code="b">615.1</marc:subfield>
    </marc:datafield>
    <marc:datafield tag="085" ind1=" " ind2=" ">
      <marc:subfield code="8">5\u</marc:subfield>
      <marc:subfield code="z">1</marc:subfield>
      <marc:subfield code="s">05</marc:subfield>
    </marc:datafield>
    <marc:datafield tag="090" ind1=" " ind2=" ">
      <marc:subfield code="n">ft</marc:subfield>
    </marc:datafield>
    <marc:datafield tag="210" ind1="0" ind2="0">
      <marc:subfield code="a">Dtsch. Apoth. Ztg.</marc:subfield>
    </marc:datafield>
    <marc:datafield tag="222" ind1=" " ind2="0">
      <marc:subfield code="a">Deutsche Apotheker-Zeitung</marc:subfield>
    </marc:datafield>
    <marc:datafield tag="245" ind1="0" ind2="0">
      <marc:subfield code="a">Deutsche Apotheker-Zeitung</marc:subfield>
      <marc:subfield code="b">DAZ ; unabhängige pharmazeutische Zeitschrift für Wissenschaft und Praxis</marc:subfield>
    </marc:datafield>
    <marc:datafield tag="246" ind1="1" ind2="3">
      <marc:subfield code="a">Deutsche Apotheker-Zeitung &lt;Stuttgart&gt;</marc:subfield>
    </marc:datafield>
    <marc:datafield tag="246" ind1="3" ind2=" ">
      <marc:subfield code="a">DAZ</marc:subfield>
    </marc:datafield>
    <marc:datafield tag="246" ind1="3" ind2=" ">
      <marc:subfield code="a">Offizin vertraulich</marc:subfield>
    </marc:datafield>
    <marc:datafield tag="246" ind1="3" ind2=" ">
      <marc:subfield code="a">Deutsche Apotheker-Zeitung / Supplement</marc:subfield>
    </marc:datafield>
    <marc:datafield tag="264" ind1="3" ind2="1">
      <marc:subfield code="a">Stuttgart</marc:subfield>
      <marc:subfield code="b">Dt. Apotheker-Verl.</marc:subfield>
      <marc:subfield code="c">1950-</marc:subfield>
    </marc:datafield>
    <marc:datafield tag="300" ind1=" " ind2=" ">
      <marc:subfield code="c">30 cm</marc:subfield>
    </marc:datafield>
    <marc:datafield tag="336" ind1=" " ind2=" ">
      <marc:subfield code="a">Text</marc:subfield>
      <marc:subfield code="b">txt</marc:subfield>
      <marc:subfield code="2">rdacontent</marc:subfield>
    </marc:datafield>
    <marc:datafield tag="337" ind1=" " ind2=" ">
      <marc:subfield code="a">ohne Hilfsmittel zu benutzen</marc:subfield>
      <marc:subfield code="b">n</marc:subfield>
      <marc:subfield code="2">rdamedia</marc:subfield>
    </marc:datafield>
    <marc:datafield tag="338" ind1=" " ind2=" ">
      <marc:subfield code="a">Band</marc:subfield>
      <marc:subfield code="b">nc</marc:subfield>
      <marc:subfield code="2">rdacarrier</marc:subfield>
    </marc:datafield>
    <marc:datafield tag="362" ind1="0" ind2=" ">
      <marc:subfield code="a">90.1950,43 -</marc:subfield>
    </marc:datafield>
    <marc:datafield tag="363" ind1="0" ind2="1">
      <marc:subfield code="8">1.1\x</marc:subfield>
      <marc:subfield code="a">90</marc:subfield>
      <marc:subfield code="b">43</marc:subfield>
      <marc:subfield code="i">1950</marc:subfield>
    </marc:datafield>
    <marc:datafield tag="365" ind1=" " ind2=" ">
      <marc:subfield code="b">EUR 9.50 (Einzelnr.), EUR 148.72 (jährl.), EUR 94.64 (jährl., für Studenten und Pharmaziepraktikanten)</marc:subfield>
    </marc:datafield>
    <marc:datafield tag="501" ind1=" " ind2=" ">
      <marc:subfield code="a">Ungezählte Beil.: Offizin vertraulich; ab 1998: Supplement</marc:subfield>
    </marc:datafield>
    <marc:datafield tag="515" ind1=" " ind2=" ">
      <marc:subfield code="a">Periodizität: wöchentl.</marc:subfield>
    </marc:datafield>
    <marc:datafield tag="550" ind1=" " ind2=" ">
      <marc:subfield code="a">Verantw. Red.: Roland Schmiedel [u.a.]</marc:subfield>
    </marc:datafield>
    <marc:datafield tag="583" ind1="1" ind2=" ">
      <marc:subfield code="3">86.1946(ab Heft 43)-99.1959,2</marc:subfield>
      <marc:subfield code="a">Massenentsäuert</marc:subfield>
      <marc:subfield code="c">2000</marc:subfield>
      <marc:subfield code="i">METE</marc:subfield>
      <marc:subfield code="5">DE-84</marc:subfield>
      <marc:subfield code="2">pdager</marc:subfield>
    </marc:datafield>
    <marc:datafield tag="591" ind1=" " ind2=" ">
      <marc:subfield code="a">(üa/Z)</marc:subfield>
    </marc:datafield>
    <marc:datafield tag="650" ind1=" " ind2="7">
      <marc:subfield code="0">(DE-588)4045705-9</marc:subfield>
      <marc:subfield code="0">https://d-nb.info/gnd/4045705-9</marc:subfield>
      <marc:subfield code="0">(DE-101)040457052</marc:subfield>
      <marc:subfield code="a">Pharmazie</marc:subfield>
      <marc:subfield code="9">rswk-swf</marc:subfield>
      <marc:subfield code="2">gnd</marc:subfield>
    </marc:datafield>
    <marc:datafield tag="650" ind1=" " ind2="7">
      <marc:subfield code="0">(DE-588)4002466-0</marc:subfield>
      <marc:subfield code="0">https://d-nb.info/gnd/4002466-0</marc:subfield>
      <marc:subfield code="0">(DE-101)040024660</marc:subfield>
      <marc:subfield code="a">Apotheke</marc:subfield>
      <marc:subfield code="9">rswk-swf</marc:subfield>
      <marc:subfield code="2">gnd</marc:subfield>
    </marc:datafield>
    <marc:datafield tag="650" ind1=" " ind2="7">
      <marc:subfield code="8">2\p</marc:subfield>
      <marc:subfield code="0">(DE-588)4003115-9</marc:subfield>
      <marc:subfield code="0">https://d-nb.info/gnd/4003115-9</marc:subfield>
      <marc:subfield code="0">(DE-101)040031152</marc:subfield>
      <marc:subfield code="a">Arzneimittel</marc:subfield>
      <marc:subfield code="2">gnd</marc:subfield>
    </marc:datafield>
    <marc:datafield tag="650" ind1=" " ind2="7">
      <marc:subfield code="8">3\p</marc:subfield>
      <marc:subfield code="0">(DE-588)4045687-0</marc:subfield>
      <marc:subfield code="0">https://d-nb.info/gnd/4045687-0</marc:subfield>
      <marc:subfield code="0">(DE-101)040456870</marc:subfield>
      <marc:subfield code="a">Pharmakologie</marc:subfield>
      <marc:subfield code="2">gnd</marc:subfield>
    </marc:datafield>
    <marc:datafield tag="650" ind1=" " ind2="7">
      <marc:subfield code="8">4\p</marc:subfield>
      <marc:subfield code="0">(DE-588)4045705-9</marc:subfield>
      <marc:subfield code="0">https://d-nb.info/gnd/4045705-9</marc:subfield>
      <marc:subfield code="0">(DE-101)040457052</marc:subfield>
      <marc:subfield code="a">Pharmazie</marc:subfield>
      <marc:subfield code="2">gnd</marc:subfield>
    </marc:datafield>
    <marc:datafield tag="655" ind1=" " ind2="7">
      <marc:subfield code="0">(DE-588)4067510-5</marc:subfield>
      <marc:subfield code="0">https://d-nb.info/gnd/4067510-5</marc:subfield>
      <marc:subfield code="0">(DE-101)040675106</marc:subfield>
      <marc:subfield code="a">Zeitung</marc:subfield>
      <marc:subfield code="2">gnd-content</marc:subfield>
    </marc:datafield>
    <marc:datafield tag="655" ind1=" " ind2="7">
      <marc:subfield code="a">Zeitschrift</marc:subfield>
      <marc:subfield code="9">rswk-swf</marc:subfield>
      <marc:subfield code="2">gnd</marc:subfield>
    </marc:datafield>
    <marc:datafield tag="655" ind1=" " ind2="7">
      <marc:subfield code="a">Zeitschrift</marc:subfield>
      <marc:subfield code="9">rswk-swf</marc:subfield>
      <marc:subfield code="2">gnd</marc:subfield>
    </marc:datafield>
    <marc:datafield tag="689" ind1="0" ind2="0">
      <marc:subfield code="0">(DE-588)4045705-9</marc:subfield>
      <marc:subfield code="0">https://d-nb.info/gnd/4045705-9</marc:subfield>
      <marc:subfield code="0">(DE-101)040457052</marc:subfield>
      <marc:subfield code="D">s</marc:subfield>
      <marc:subfield code="a">Pharmazie</marc:subfield>
    </marc:datafield>
    <marc:datafield tag="689" ind1="0" ind2="1">
      <marc:subfield code="A">f</marc:subfield>
      <marc:subfield code="a">Zeitschrift</marc:subfield>
    </marc:datafield>
    <marc:datafield tag="689" ind1="0" ind2=" ">
      <marc:subfield code="5">DE-101</marc:subfield>
      <marc:subfield code="5">DE-101</marc:subfield>
    </marc:datafield>
    <marc:datafield tag="689" ind1="1" ind2="0">
      <marc:subfield code="0">(DE-588)4002466-0</marc:subfield>
      <marc:subfield code="0">https://d-nb.info/gnd/4002466-0</marc:subfield>
      <marc:subfield code="0">(DE-101)040024660</marc:subfield>
      <marc:subfield code="D">s</marc:subfield>
      <marc:subfield code="a">Apotheke</marc:subfield>
    </marc:datafield>
    <marc:datafield tag="689" ind1="1" ind2="1">
      <marc:subfield code="A">f</marc:subfield>
      <marc:subfield code="a">Zeitschrift</marc:subfield>
    </marc:datafield>
    <marc:datafield tag="689" ind1="1" ind2=" ">
      <marc:subfield code="5">DE-101</marc:subfield>
      <marc:subfield code="5">DE-101</marc:subfield>
    </marc:datafield>
    <marc:datafield tag="751" ind1=" " ind2=" ">
      <marc:subfield code="0">(DE-588)4058282-6</marc:subfield>
      <marc:subfield code="0">https://d-nb.info/gnd/4058282-6</marc:subfield>
      <marc:subfield code="0">(DE-101)040582825</marc:subfield>
      <marc:subfield code="a">Stuttgart</marc:subfield>
      <marc:subfield code="e">Verbreitungsort</marc:subfield>
      <marc:subfield code="4">dbp</marc:subfield>
      <marc:subfield code="2">gnd</marc:subfield>
    </marc:datafield>
    <marc:datafield tag="770" ind1="0" ind2="8">
      <marc:subfield code="i">Supplement</marc:subfield>
      <marc:subfield code="n">[?]-1973</marc:subfield>
      <marc:subfield code="t">Arbeitsblätter für pharmazeutische Biologie (Pharmakognosie)</marc:subfield>
      <marc:subfield code="d">Stuttgart : [Verlag nicht ermittelbar], 1971-</marc:subfield>
      <marc:subfield code="w">(DE-600)125212-4</marc:subfield>
      <marc:subfield code="w">(DE-101)010706879</marc:subfield>
    </marc:datafield>
    <marc:datafield tag="770" ind1="0" ind2="8">
      <marc:subfield code="i">Supplement</marc:subfield>
      <marc:subfield code="n">1951-1978</marc:subfield>
      <marc:subfield code="t">&#152;Das&#156; aktuelle Schaufenster</marc:subfield>
      <marc:subfield code="d">Stuttgart : Dt. Apotheker-Verl., 1951-1978</marc:subfield>
      <marc:subfield code="x">0568-7632</marc:subfield>
      <marc:subfield code="w">(DE-600)6434-8</marc:subfield>
      <marc:subfield code="w">(DE-101)010086838</marc:subfield>
    </marc:datafield>
    <marc:datafield tag="770" ind1="0" ind2="8">
      <marc:subfield code="i">Supplement</marc:subfield>
      <marc:subfield code="n">1953-1989</marc:subfield>
      <marc:subfield code="t">&#152;Die&#156; Apothekenhelferin</marc:subfield>
      <marc:subfield code="d">Stuttgart : Dt. Apotheker-Verl., 1953-1989</marc:subfield>
      <marc:subfield code="x">0570-4723</marc:subfield>
      <marc:subfield code="w">(DE-600)675-0</marc:subfield>
      <marc:subfield code="w">(DE-101)010005633</marc:subfield>
    </marc:datafield>
    <marc:datafield tag="770" ind1="0" ind2="8">
      <marc:subfield code="i">Supplement</marc:subfield>
      <marc:subfield code="n">1955-1985</marc:subfield>
      <marc:subfield code="t">Apotheker und Kunst</marc:subfield>
      <marc:subfield code="d">Stuttgart : Dt. Apotheker-Verl., 1955-1985</marc:subfield>
      <marc:subfield code="x">0341-0110</marc:subfield>
      <marc:subfield code="w">(DE-600)898-9</marc:subfield>
      <marc:subfield code="w">(DE-101)010009272</marc:subfield>
    </marc:datafield>
    <marc:datafield tag="770" ind1="0" ind2="8">
      <marc:subfield code="i">Supplement</marc:subfield>
      <marc:subfield code="n">[?]-1980</marc:subfield>
      <marc:subfield code="t">&#152;Die&#156; Krankenhausapotheke</marc:subfield>
      <marc:subfield code="d">Stuttgart : Dt. Apotheker-Verl., 1934-1980</marc:subfield>
      <marc:subfield code="x">0075-7071</marc:subfield>
      <marc:subfield code="w">(DE-600)993-3</marc:subfield>
      <marc:subfield code="w">(DE-101)010010491</marc:subfield>
    </marc:datafield>
    <marc:datafield tag="770" ind1="0" ind2="8">
      <marc:subfield code="i">Supplement</marc:subfield>
      <marc:subfield code="n">1954-1981</marc:subfield>
      <marc:subfield code="t">Neue Arzneimittel und Spezialitäten</marc:subfield>
      <marc:subfield code="d">Stuttgart : Dt. Apotheker-Verl., 1954-1981</marc:subfield>
      <marc:subfield code="x">0548-2674</marc:subfield>
      <marc:subfield code="w">(DE-600)1025-X</marc:subfield>
      <marc:subfield code="w">(DE-101)01001103X</marc:subfield>
    </marc:datafield>
    <marc:datafield tag="770" ind1="0" ind2="8">
      <marc:subfield code="i">Supplement</marc:subfield>
      <marc:subfield code="n">1980-1985</marc:subfield>
      <marc:subfield code="t">Pharmazeutische Verfahrenstechnik heute</marc:subfield>
      <marc:subfield code="d">Stuttgart : Dt. Apotheker-Verl., 1980-1985</marc:subfield>
      <marc:subfield code="x">0173-1890</marc:subfield>
      <marc:subfield code="w">(DE-600)138843-5</marc:subfield>
      <marc:subfield code="w">(DE-101)010812520</marc:subfield>
    </marc:datafield>
    <marc:datafield tag="770" ind1="0" ind2="8">
      <marc:subfield code="i">Supplement</marc:subfield>
      <marc:subfield code="n">1971-1986</marc:subfield>
      <marc:subfield code="t">Pharmazie heute</marc:subfield>
      <marc:subfield code="d">Stuttgart : Dt. Apotheker Verl., 1971-1986</marc:subfield>
      <marc:subfield code="x">0369-979X</marc:subfield>
      <marc:subfield code="w">(DE-600)502775-5</marc:subfield>
      <marc:subfield code="w">(DE-101)012628425</marc:subfield>
    </marc:datafield>
    <marc:datafield tag="770" ind1="0" ind2="8">
      <marc:subfield code="i">Supplement</marc:subfield>
      <marc:subfield code="n">1955-1970</marc:subfield>
      <marc:subfield code="t">Praktikantenbriefe</marc:subfield>
      <marc:subfield code="d">Stuttgart : Dt. Apotheker-Verl., 1955-1970</marc:subfield>
      <marc:subfield code="x">0554-9957</marc:subfield>
      <marc:subfield code="w">(DE-600)1073-X</marc:subfield>
      <marc:subfield code="w">(DE-101)010011773</marc:subfield>
    </marc:datafield>
    <marc:datafield tag="770" ind1="0" ind2="8">
      <marc:subfield code="i">Supplement</marc:subfield>
      <marc:subfield code="n">1949-1952</marc:subfield>
      <marc:subfield code="t">Preistaxe für Arznei-Spezialitäten</marc:subfield>
      <marc:subfield code="d">Stuttgart : Wiss. Verl.-GmbH, 1949-1952</marc:subfield>
      <marc:subfield code="w">(DE-600)505297-X</marc:subfield>
      <marc:subfield code="w">(DE-101)012650323</marc:subfield>
    </marc:datafield>
    <marc:datafield tag="770" ind1="0" ind2="8">
      <marc:subfield code="i">Supplement</marc:subfield>
      <marc:subfield code="n">1972</marc:subfield>
      <marc:subfield code="a">Arbeitsgemeinschaft für Pharmazeutische Verfahrenstechnik</marc:subfield>
      <marc:subfield code="t">APV-Richtlinie / Arbeitsgemeinschaft für Pharmazeutische Verfahrenstechnik</marc:subfield>
      <marc:subfield code="d">Stuttgart : Dt. Apotheker-Verl., 1972-1972</marc:subfield>
      <marc:subfield code="w">(DE-600)593314-6</marc:subfield>
      <marc:subfield code="w">(DE-101)013385429</marc:subfield>
    </marc:datafield>
    <marc:datafield tag="770" ind1="0" ind2="8">
      <marc:subfield code="i">Supplement</marc:subfield>
      <marc:subfield code="n">1990-1993</marc:subfield>
      <marc:subfield code="t">Apothekenhelferin heute</marc:subfield>
      <marc:subfield code="d">Stuttgart : Dt. Apotheker-Verl., 1990-1993</marc:subfield>
      <marc:subfield code="x">0939-3331</marc:subfield>
      <marc:subfield code="w">(DE-600)1018323-1</marc:subfield>
      <marc:subfield code="w">(DE-101)015511804</marc:subfield>
    </marc:datafield>
    <marc:datafield tag="770" ind1="0" ind2="8">
      <marc:subfield code="i">Supplement</marc:subfield>
      <marc:subfield code="n">1978-1989</marc:subfield>
      <marc:subfield code="t">&#152;Das&#156; Schaufenster</marc:subfield>
      <marc:subfield code="d">Stuttgart : Dt. Apotheker-Verl., 1978-1989</marc:subfield>
      <marc:subfield code="x">0173-2110</marc:subfield>
      <marc:subfield code="w">(DE-600)243894-X</marc:subfield>
      <marc:subfield code="w">(DE-101)011476494</marc:subfield>
    </marc:datafield>
    <marc:datafield tag="770" ind1="0" ind2="8">
      <marc:subfield code="i">Supplement</marc:subfield>
      <marc:subfield code="n">1990-2000</marc:subfield>
      <marc:subfield code="t">Apotheke heute</marc:subfield>
      <marc:subfield code="d">Stuttgart : Dt. Apotheker-Verl., 1990-2000</marc:subfield>
      <marc:subfield code="x">0173-1882</marc:subfield>
      <marc:subfield code="w">(DE-600)1049667-1</marc:subfield>
      <marc:subfield code="w">(DE-101)01581548X</marc:subfield>
    </marc:datafield>
    <marc:datafield tag="770" ind1="0" ind2="8">
      <marc:subfield code="i">Supplement</marc:subfield>
      <marc:subfield code="n">1994-1995</marc:subfield>
      <marc:subfield code="t">Compharm</marc:subfield>
      <marc:subfield code="d">Stuttgart : Dt. Apotheker-Verl., 1994-1995</marc:subfield>
      <marc:subfield code="x">0947-2231</marc:subfield>
      <marc:subfield code="w">(DE-600)1216174-3</marc:subfield>
      <marc:subfield code="w">(DE-101)017426928</marc:subfield>
    </marc:datafield>
    <marc:datafield tag="770" ind1="0" ind2="8">
      <marc:subfield code="i">Supplement</marc:subfield>
      <marc:subfield code="n">1985-1997</marc:subfield>
      <marc:subfield code="t">Deutsche Apotheker-Zeitung &lt;Stuttgart&gt; / Supplement. Supplement</marc:subfield>
      <marc:subfield code="d">Stuttgart : Dt. Apotheker-Verl., 1985-1997</marc:subfield>
      <marc:subfield code="x">1616-900X</marc:subfield>
      <marc:subfield code="w">(DE-600)153515-8</marc:subfield>
      <marc:subfield code="w">(DE-101)010923330</marc:subfield>
    </marc:datafield>
    <marc:datafield tag="770" ind1="0" ind2="8">
      <marc:subfield code="i">Supplement</marc:subfield>
      <marc:subfield code="n">1997-2003, 2005-2009</marc:subfield>
      <marc:subfield code="t">Deutsche Apotheker-Zeitung &lt;Stuttgart&gt; / Das Jahr. Das @Jahr</marc:subfield>
      <marc:subfield code="d">Stuttgart : Dt. Apotheker-Verl., 1986-</marc:subfield>
      <marc:subfield code="x">1616-9018</marc:subfield>
      <marc:subfield code="w">(DE-600)26652-8</marc:subfield>
      <marc:subfield code="w">(DE-101)010292497</marc:subfield>
    </marc:datafield>
    <marc:datafield tag="770" ind1="0" ind2="8">
      <marc:subfield code="i">Supplement</marc:subfield>
      <marc:subfield code="n">1994-1999</marc:subfield>
      <marc:subfield code="t">&#152;Das&#156; Reise-Journal für Apotheker und Ärzte</marc:subfield>
      <marc:subfield code="d">Stuttgart : Dt. Apotheker-Verl., 1994-1999</marc:subfield>
      <marc:subfield code="w">(DE-600)1216172-X</marc:subfield>
      <marc:subfield code="w">(DE-101)017426901</marc:subfield>
    </marc:datafield>
    <marc:datafield tag="770" ind1="0" ind2="8">
      <marc:subfield code="i">Supplement</marc:subfield>
      <marc:subfield code="n">2005-2007</marc:subfield>
      <marc:subfield code="t">Preview</marc:subfield>
      <marc:subfield code="d">Baierbrunn : Wort-und-Bild-Verl., 2005-2007</marc:subfield>
      <marc:subfield code="w">(DE-600)2393237-5</marc:subfield>
      <marc:subfield code="w">(DE-101)97629138X</marc:subfield>
    </marc:datafield>
    <marc:datafield tag="770" ind1="0" ind2="8">
      <marc:subfield code="i">Supplement</marc:subfield>
      <marc:subfield code="n">1993-2004</marc:subfield>
      <marc:subfield code="t">PKA aktuell</marc:subfield>
      <marc:subfield code="d">Stuttgart : Dt. Apotheker-Verl., 1993-2004</marc:subfield>
      <marc:subfield code="x">0944-7032</marc:subfield>
      <marc:subfield code="w">(DE-600)1173954-X</marc:subfield>
      <marc:subfield code="w">(DE-101)017017432</marc:subfield>
    </marc:datafield>
    <marc:datafield tag="770" ind1="0" ind2="8">
      <marc:subfield code="i">Supplement</marc:subfield>
      <marc:subfield code="n">1997-1998</marc:subfield>
      <marc:subfield code="t">Balance</marc:subfield>
      <marc:subfield code="d">Stuttgart : Wiss. Verl.-Ges., 1997-1998</marc:subfield>
      <marc:subfield code="x">1434-2324</marc:subfield>
      <marc:subfield code="w">(DE-600)1400256-5</marc:subfield>
      <marc:subfield code="w">(DE-101)018952135</marc:subfield>
    </marc:datafield>
    <marc:datafield tag="770" ind1="0" ind2="8">
      <marc:subfield code="i">Supplement</marc:subfield>
      <marc:subfield code="n">1996-1999</marc:subfield>
      <marc:subfield code="t">Relax</marc:subfield>
      <marc:subfield code="d">Stuttgart : Dt. Apotheker-Verl., 1996-1999</marc:subfield>
      <marc:subfield code="w">(DE-600)1314431-5</marc:subfield>
      <marc:subfield code="w">(DE-101)018183972</marc:subfield>
    </marc:datafield>
    <marc:datafield tag="770" ind1="0" ind2="8">
      <marc:subfield code="i">Supplement</marc:subfield>
      <marc:subfield code="n">1969-1989</marc:subfield>
      <marc:subfield code="t">Beiträge zur Geschichte der Pharmazie</marc:subfield>
      <marc:subfield code="d">Stuttgart : Apotheker-Verl., 1969-1989</marc:subfield>
      <marc:subfield code="x">0341-0099</marc:subfield>
      <marc:subfield code="w">(DE-600)501894-8</marc:subfield>
      <marc:subfield code="w">(DE-101)012621307</marc:subfield>
    </marc:datafield>
    <marc:datafield tag="770" ind1="0" ind2="8">
      <marc:subfield code="i">Supplement</marc:subfield>
      <marc:subfield code="n">1990-</marc:subfield>
      <marc:subfield code="t">Geschichte der Pharmazie</marc:subfield>
      <marc:subfield code="d">Stuttgart : Dt. Apotheker-Verl., 1949-</marc:subfield>
      <marc:subfield code="x">0939-334X</marc:subfield>
      <marc:subfield code="w">(DE-600)1338-9</marc:subfield>
      <marc:subfield code="w">(DE-101)010015981</marc:subfield>
    </marc:datafield>
    <marc:datafield tag="770" ind1="0" ind2="8">
      <marc:subfield code="i">Supplement</marc:subfield>
      <marc:subfield code="n">1971-1973</marc:subfield>
      <marc:subfield code="t">Apothekerpraktikant und pharmazeutisch-technischer Assistent</marc:subfield>
      <marc:subfield code="d">Stuttgart : Dt. Apotheker-Verl., 1971-1973</marc:subfield>
      <marc:subfield code="x">0303-6219</marc:subfield>
      <marc:subfield code="w">(DE-600)124789-X</marc:subfield>
      <marc:subfield code="w">(DE-101)01070342X</marc:subfield>
    </marc:datafield>
    <marc:datafield tag="770" ind1="0" ind2="8">
      <marc:subfield code="i">Supplement</marc:subfield>
      <marc:subfield code="n">1974-</marc:subfield>
      <marc:subfield code="t">PTA heute</marc:subfield>
      <marc:subfield code="d">Stuttgart : Dt. Apotheker-Verl., 1974-</marc:subfield>
      <marc:subfield code="x">0302-167X</marc:subfield>
      <marc:subfield code="w">(DE-600)124790-6</marc:subfield>
      <marc:subfield code="w">(DE-101)010703438</marc:subfield>
    </marc:datafield>
    <marc:datafield tag="770" ind1="0" ind2="8">
      <marc:subfield code="i">Supplement</marc:subfield>
      <marc:subfield code="n">1979-2012</marc:subfield>
      <marc:subfield code="t">Apotheken-Praxis</marc:subfield>
      <marc:subfield code="d">Stuttgart : Dt. Apotheker-Verl., 1979-2012</marc:subfield>
      <marc:subfield code="x">0721-8370</marc:subfield>
      <marc:subfield code="w">(DE-600)561781-9</marc:subfield>
      <marc:subfield code="w">(DE-101)013132113</marc:subfield>
    </marc:datafield>
    <marc:datafield tag="770" ind1="0" ind2="8">
      <marc:subfield code="i">Supplement</marc:subfield>
      <marc:subfield code="n">1980-</marc:subfield>
      <marc:subfield code="t">Krankenhauspharmazie</marc:subfield>
      <marc:subfield code="d">Stuttgart : Dt. Apotheker-Verl., 1980-</marc:subfield>
      <marc:subfield code="x">0173-7597</marc:subfield>
      <marc:subfield code="w">(DE-600)138842-3</marc:subfield>
      <marc:subfield code="w">(DE-101)010812512</marc:subfield>
    </marc:datafield>
    <marc:datafield tag="770" ind1="0" ind2="8">
      <marc:subfield code="i">Supplement</marc:subfield>
      <marc:subfield code="n">1982-2022</marc:subfield>
      <marc:subfield code="t">Neue Arzneimittel</marc:subfield>
      <marc:subfield code="d">Stuttgart : Dt. Apotheker-Verl., 1982-2022</marc:subfield>
      <marc:subfield code="x">0724-567X</marc:subfield>
      <marc:subfield code="w">(DE-600)245965-6</marc:subfield>
      <marc:subfield code="w">(DE-101)011489006</marc:subfield>
    </marc:datafield>
    <marc:datafield tag="770" ind1="0" ind2="8">
      <marc:subfield code="i">Supplement</marc:subfield>
      <marc:subfield code="n">1982-2010</marc:subfield>
      <marc:subfield code="t">Student und Praktikant</marc:subfield>
      <marc:subfield code="d">Stuttgart : Dt. Apotheker-Verl., 1982-2010</marc:subfield>
      <marc:subfield code="x">0721-8672</marc:subfield>
      <marc:subfield code="w">(DE-600)245941-3</marc:subfield>
      <marc:subfield code="w">(DE-101)011488808</marc:subfield>
    </marc:datafield>
    <marc:datafield tag="770" ind1="0" ind2="8">
      <marc:subfield code="i">Supplement</marc:subfield>
      <marc:subfield code="n">Aktuelle Montagsausg.</marc:subfield>
      <marc:subfield code="t">Apotheker-Zeitung</marc:subfield>
      <marc:subfield code="d">Stuttgart : Dt. Apotheker-Verl., 1984-18.12.2023</marc:subfield>
      <marc:subfield code="x">0178-4862</marc:subfield>
      <marc:subfield code="w">(DE-600)11305-0</marc:subfield>
      <marc:subfield code="w">(DE-101)01016426X</marc:subfield>
    </marc:datafield>
    <marc:datafield tag="770" ind1="0" ind2="8">
      <marc:subfield code="i">Supplement</marc:subfield>
      <marc:subfield code="n">1993-</marc:subfield>
      <marc:subfield code="t">Champion-Report</marc:subfield>
      <marc:subfield code="d">Stuttgart : Dt. Apotheker-Verl., 1993-</marc:subfield>
      <marc:subfield code="w">(DE-600)1173334-2</marc:subfield>
      <marc:subfield code="w">(DE-101)017011469</marc:subfield>
    </marc:datafield>
    <marc:datafield tag="770" ind1="0" ind2="8">
      <marc:subfield code="i">Supplement</marc:subfield>
      <marc:subfield code="n">2005-2007</marc:subfield>
      <marc:subfield code="t">Arzneimittel in der Pipeline</marc:subfield>
      <marc:subfield code="d">Stuttgart : Dt. Apotheker-Verl., 2005-2007</marc:subfield>
      <marc:subfield code="x">1861-289X</marc:subfield>
      <marc:subfield code="w">(DE-600)2199851-6</marc:subfield>
      <marc:subfield code="w">(DE-101)976094959</marc:subfield>
    </marc:datafield>
    <marc:datafield tag="770" ind1="0" ind2="8">
      <marc:subfield code="i">Supplement</marc:subfield>
      <marc:subfield code="n">2005-</marc:subfield>
      <marc:subfield code="t">PKA aktiv</marc:subfield>
      <marc:subfield code="d">Stuttgart : Dt. Apotheker-Verl., 2005-</marc:subfield>
      <marc:subfield code="x">1860-8736</marc:subfield>
      <marc:subfield code="w">(DE-600)2182844-1</marc:subfield>
      <marc:subfield code="w">(DE-101)027268128</marc:subfield>
    </marc:datafield>
    <marc:datafield tag="770" ind1="0" ind2="8">
      <marc:subfield code="i">Supplement</marc:subfield>
      <marc:subfield code="n">2007-</marc:subfield>
      <marc:subfield code="t">Im Dialog</marc:subfield>
      <marc:subfield code="d">Baierbrunn : Wort-und-Bild-Verl., 2007-2010</marc:subfield>
      <marc:subfield code="w">(DE-600)2393264-8</marc:subfield>
      <marc:subfield code="w">(DE-101)986140236</marc:subfield>
    </marc:datafield>
    <marc:datafield tag="770" ind1="0" ind2="8">
      <marc:subfield code="i">Supplement</marc:subfield>
      <marc:subfield code="n">1999-2017</marc:subfield>
      <marc:subfield code="t">Primo</marc:subfield>
      <marc:subfield code="d">Fürth : Lauer-Fischer GmbH, 1999-[2018]</marc:subfield>
      <marc:subfield code="w">(DE-600)2121065-2</marc:subfield>
      <marc:subfield code="w">(DE-101)025126083</marc:subfield>
    </marc:datafield>
    <marc:datafield tag="770" ind1="0" ind2="8">
      <marc:subfield code="i">Supplement</marc:subfield>
      <marc:subfield code="n">2013-</marc:subfield>
      <marc:subfield code="t">Thema</marc:subfield>
      <marc:subfield code="d">Stuttgart : Dt. Apotheker-Verl., 2013-</marc:subfield>
      <marc:subfield code="w">(DE-600)2709176-4</marc:subfield>
      <marc:subfield code="w">(DE-101)1032789484</marc:subfield>
    </marc:datafield>
    <marc:datafield tag="770" ind1="0" ind2="8">
      <marc:subfield code="i">Supplement</marc:subfield>
      <marc:subfield code="n">2013-</marc:subfield>
      <marc:subfield code="t">Aktionsplaner</marc:subfield>
      <marc:subfield code="d">Stuttgart : Dt. Apotheker-Verl., [2013-2014]</marc:subfield>
      <marc:subfield code="x">2196-3487</marc:subfield>
      <marc:subfield code="w">(DE-600)2711717-0</marc:subfield>
      <marc:subfield code="w">(DE-101)1033483230</marc:subfield>
    </marc:datafield>
    <marc:datafield tag="770" ind1="0" ind2="8">
      <marc:subfield code="i">Supplement</marc:subfield>
      <marc:subfield code="n">2014-2022</marc:subfield>
      <marc:subfield code="t">Teamschulung</marc:subfield>
      <marc:subfield code="d">Stuttgart : Dt. Apotheker-Verl., 2014-[2022]</marc:subfield>
      <marc:subfield code="x">2197-6848</marc:subfield>
      <marc:subfield code="w">(DE-600)2762848-6</marc:subfield>
      <marc:subfield code="w">(DE-101)1048652408</marc:subfield>
    </marc:datafield>
    <marc:datafield tag="770" ind1="0" ind2="8">
      <marc:subfield code="i">Supplement</marc:subfield>
      <marc:subfield code="n">2015-</marc:subfield>
      <marc:subfield code="t">Medizinprodukte-Infos</marc:subfield>
      <marc:subfield code="d">Stuttgart : Wiss. Verl.-Ges., 2015-[2015]</marc:subfield>
      <marc:subfield code="w">(DE-600)2811092-4</marc:subfield>
      <marc:subfield code="w">(DE-101)1067105808</marc:subfield>
    </marc:datafield>
    <marc:datafield tag="770" ind1="0" ind2="8">
      <marc:subfield code="i">Supplement</marc:subfield>
      <marc:subfield code="n">2015-</marc:subfield>
      <marc:subfield code="t">ChancePharmazie</marc:subfield>
      <marc:subfield code="d">Stuttgart : Deutscher Apotheker Verlag, [2015-2016]</marc:subfield>
      <marc:subfield code="h">Bände</marc:subfield>
      <marc:subfield code="w">(DE-600)2811352-4</marc:subfield>
      <marc:subfield code="w">(DE-101)1067213279</marc:subfield>
    </marc:datafield>
    <marc:datafield tag="770" ind1="0" ind2="8">
      <marc:subfield code="i">Supplement</marc:subfield>
      <marc:subfield code="n">2022-</marc:subfield>
      <marc:subfield code="t">Offizin+</marc:subfield>
      <marc:subfield code="d">Stuttgart : Deutscher Apotheker Verlag, [2022]-</marc:subfield>
      <marc:subfield code="h">Bände</marc:subfield>
      <marc:subfield code="w">(DE-600)3113014-8</marc:subfield>
      <marc:subfield code="w">(DE-101)1253419906</marc:subfield>
    </marc:datafield>
    <marc:datafield tag="776" ind1="0" ind2="8">
      <marc:subfield code="i">Erscheint auch als</marc:subfield>
      <marc:subfield code="n">CD-ROM-Ausgabe, [?]-2001</marc:subfield>
      <marc:subfield code="t">Deutsche Apotheker-Zeitung &lt;Stuttgart&gt;</marc:subfield>
      <marc:subfield code="d">Stuttgart : Deutscher Apotheker-Verl., 1995-2002</marc:subfield>
      <marc:subfield code="h">CD-ROMs</marc:subfield>
      <marc:subfield code="w">(DE-600)2014172-5</marc:subfield>
      <marc:subfield code="w">(DE-101)020435355</marc:subfield>
    </marc:datafield>
    <marc:datafield tag="776" ind1="0" ind2="8">
      <marc:subfield code="i">Erscheint auch als</marc:subfield>
      <marc:subfield code="n">CD-ROM-Ausgabe, 2002-</marc:subfield>
      <marc:subfield code="t">Deutsche Apothekerzeitung, Apothekerzeitung</marc:subfield>
      <marc:subfield code="d">Stuttgart : Deutscher Apotheker Verlag, 2013-[2015]</marc:subfield>
      <marc:subfield code="h">CD-ROMs</marc:subfield>
      <marc:subfield code="w">(DE-600)2103178-2</marc:subfield>
      <marc:subfield code="w">(DE-101)024371610</marc:subfield>
    </marc:datafield>
    <marc:datafield tag="776" ind1="0" ind2="8">
      <marc:subfield code="i">Erscheint auch als</marc:subfield>
      <marc:subfield code="n">DVD-ROM-Ausgabe</marc:subfield>
      <marc:subfield code="t">Deutsche Apothekerzeitung / Mehrjahresausgabe. [Mehrjahresausgabe]</marc:subfield>
      <marc:subfield code="d">Stuttgart : Deutscher Apotheker-Verlag, [2011]-</marc:subfield>
      <marc:subfield code="h">DVDs</marc:subfield>
      <marc:subfield code="w">(DE-600)2616975-7</marc:subfield>
      <marc:subfield code="w">(DE-101)1013284194</marc:subfield>
    </marc:datafield>
    <marc:datafield tag="776" ind1="0" ind2="8">
      <marc:subfield code="i">Erscheint auch als</marc:subfield>
      <marc:subfield code="n">Online-Ausgabe</marc:subfield>
      <marc:subfield code="t">Deutsche Apotheker-Zeitung &lt;Stuttgart&gt;</marc:subfield>
      <marc:subfield code="d">Stuttgart : Deutscher Apotheker-Verl., 1997-</marc:subfield>
      <marc:subfield code="h">Online-Ressource</marc:subfield>
      <marc:subfield code="x">0011-9857</marc:subfield>
      <marc:subfield code="w">(DE-600)2100440-7</marc:subfield>
      <marc:subfield code="w">(DE-101)024287016</marc:subfield>
    </marc:datafield>
    <marc:datafield tag="780" ind1="0" ind2="0">
      <marc:subfield code="i">Fortsetzung von</marc:subfield>
      <marc:subfield code="t">Süddeutsche Apotheker-Zeitung</marc:subfield>
      <marc:subfield code="d">Stuttgart : Schmiedel, 1861-1950</marc:subfield>
      <marc:subfield code="x">0370-8527</marc:subfield>
      <marc:subfield code="w">(DE-600)501902-3</marc:subfield>
      <marc:subfield code="w">(DE-101)012621374</marc:subfield>
    </marc:datafield>
    <marc:datafield tag="785" ind1="0" ind2="1">
      <marc:subfield code="i">Teilweise fortgesetzt durch</marc:subfield>
      <marc:subfield code="t">Deutsche Apotheker-Zeitung &lt;Stuttgart&gt; / Das Jahr. Das @Jahr</marc:subfield>
      <marc:subfield code="d">Stuttgart : Dt. Apotheker-Verl., 1986-</marc:subfield>
      <marc:subfield code="x">1616-9018</marc:subfield>
      <marc:subfield code="w">(DE-600)26652-8</marc:subfield>
      <marc:subfield code="w">(DE-101)010292497</marc:subfield>
    </marc:datafield>
    <marc:datafield tag="787" ind1="0" ind2="8">
      <marc:subfield code="i">144,52=2004; 150,51/52=2010; 151,51/52=2011 u.a. von</marc:subfield>
      <marc:subfield code="t">Deutsche Apotheker-Zeitung &lt;Stuttgart&gt; / Das Jahr. Das @Jahr</marc:subfield>
      <marc:subfield code="d">Stuttgart : Dt. Apotheker-Verl., 1986-</marc:subfield>
      <marc:subfield code="x">1616-9018</marc:subfield>
      <marc:subfield code="w">(DE-600)26652-8</marc:subfield>
      <marc:subfield code="w">(DE-101)010292497</marc:subfield>
    </marc:datafield>
    <marc:datafield tag="850" ind1=" " ind2=" ">
      <marc:subfield code="a">DE-101a</marc:subfield>
      <marc:subfield code="a">DE-101b</marc:subfield>
    </marc:datafield>
    <marc:datafield tag="883" ind1="1" ind2=" ">
      <marc:subfield code="8">2\p</marc:subfield>
      <marc:subfield code="a">gndddc</marc:subfield>
      <marc:subfield code="c">1</marc:subfield>
      <marc:subfield code="d">20190524</marc:subfield>
      <marc:subfield code="q">DE-101</marc:subfield>
      <marc:subfield code="u">https://d-nb.info/provenance/plan#gndddc</marc:subfield>
    </marc:datafield>
    <marc:datafield tag="883" ind1="1" ind2=" ">
      <marc:subfield code="8">3\p</marc:subfield>
      <marc:subfield code="a">gndddc</marc:subfield>
      <marc:subfield code="c">1</marc:subfield>
      <marc:subfield code="d">20190524</marc:subfield>
      <marc:subfield code="q">DE-101</marc:subfield>
      <marc:subfield code="u">https://d-nb.info/provenance/plan#gndddc</marc:subfield>
    </marc:datafield>
    <marc:datafield tag="883" ind1="1" ind2=" ">
      <marc:subfield code="8">4\p</marc:subfield>
      <marc:subfield code="a">gndddc</marc:subfield>
      <marc:subfield code="c">1</marc:subfield>
      <marc:subfield code="d">20190524</marc:subfield>
      <marc:subfield code="q">DE-101</marc:subfield>
      <marc:subfield code="u">https://d-nb.info/provenance/plan#gndddc</marc:subfield>
    </marc:datafield>
    <marc:datafield tag="889" ind1=" " ind2=" ">
      <marc:subfield code="w">(DE-101)941049507</marc:subfield>
    </marc:datafield>
    <marc:datafield tag="925" ind1="r" ind2=" ">
      <marc:subfield code="a">ra</marc:subfield>
    </marc:datafield>
  </marc:record>
</marc:collection>
